[Event "PRO League Group Stage"]
[Site "chess.com INT"]
[Date "2017.02.22"]
[Round "7"]
[White "Shabalov, Alexander"]
[Black "Nagle, Sean"]
[Result "1-0"]
[WhiteTitle "GM"]
[BlackTitle "IM"]
[WhiteElo "2563"]
[BlackElo "2423"]
[WhiteTeam "Pittsburgh Pawngrabbers"]
[BlackTeam "Minnesota Blizzard"]
[WhiteFideId "2008572"]
[BlackFideId "2013878"]
[EventDate "2017.01.11"]

1. e4 g6 2. h4 h5 3. d4 Bg7 4. Nc3 c6 5. Bc4 d5 6. exd5 b5 7. Bb3 b4 8. Ne4 cxd5
9. Ng5 Nf6 10. N1f3 O-O 11. Ne5 e6 12. O-O Nbd7 13. Nxg6 fxg6 14. Nxe6 Qb6 15.
Nxf8 Nxf8 16. Bg5 Be6 17. Qf3 N8h7 18. Bxf6 Nxf6 19. Rae1 Rf8 20. Qg3 Bf7 21. c3
bxc3 22. bxc3 Ne4 23. Qd3 Kh7 24. Re3 Bg8 25. Bd1 Qf6 26. Bf3 Qxh4 27. Bxe4 dxe4
28. Rxe4 Qf6 29. Re5 Qh4 30. Ra5 Rc8 31. Re1 Bc4 32. Qc2 a6 33. Re4 Qf6 34.
Rxh5+ gxh5 35. Re6+ Kg8 36. Rxf6 Bxf6 37. Qf5 Rf8 38. Qxh5 Bxa2 39. Qe2 Bf7 40.
Qxa6 Kg7 41. Qd6 Rd8 42. Qf4 Bg6 43. Qc7+ Bf7 44. f4 Kg6 45. g4 Re8 46. f5+ Kg7
47. Qf4 Rg8 48. Kf2 Bh4+ 49. Ke2 Re8+ 50. Kd3 Re1 51. g5 Rh1 52. g6 Rh3+ 53. Kc2
Be8 54. Qe5+ Kf8 55. g7+ Kf7 56. Qxe8+ 1-0

[Event "PRO League Group Stage"]
[Site "chess.com INT"]
[Date "2017.02.22"]
[Round "7"]
[White "Javakhadze, Zurab"]
[Black "Hilby, Craig"]
[Result "1/2-1/2"]
[WhiteTitle "IM"]
[BlackTitle "FM"]
[WhiteElo "2468"]
[BlackElo "2334"]
[WhiteTeam "Dallas Destiny"]
[BlackTeam "San Diego Surfers"]
[WhiteFideId "13603647"]
[BlackFideId "2062674"]
[EventDate "2017.01.11"]

1. Nf3 g6 2. e4 Bg7 3. d4 d6 4. Bc4 Nf6 5. e5 dxe5 6. Nxe5 O-O 7. O-O c5 8. dxc5
Qc7 9. Nd3 Nbd7 10. Bf4 e5 11. Bg5 Nxc5 12. Nxc5 Qxc5 13. Bb3 Bg4 14. Qc1 Rac8
15. Nc3 Bf5 16. h3 b5 17. Be3 Qc6 18. Bxa7 b4 19. Na4 Ra8 20. Qe3 Rfc8 21. Rfd1
Bf8 22. c3 bxc3 23. Nxc3 Qa6 24. Bb6 Rab8 25. Na4 Nd7 26. g4 Bxg4 27. hxg4 Nxb6
28. Nxb6 Rxb6 29. Rd7 Rf6 30. Rad1 Bc5 31. Qxe5 Bxf2+ 32. Kg2 Qc6+ 33. Qd5 Bb6
34. Qxc6 Rcxc6 35. Rb7 Rf2+ 36. Kg3 Rcf6 37. Rd3 Bd4 38. Re7 Bxb2 39. Bd5 Kg7
40. Rf3 R6xf3+ 41. Bxf3 Rd2 42. a4 Bf6 43. Re4 Ra2 44. Be2 h6 45. Bb5 Bg5 46.
Kf3 Bf6 47. Rc4 Ra3+ 48. Ke4 1/2-1/2

[Event "PRO League Group Stage"]
[Site "chess.com INT"]
[Date "2017.02.22"]
[Round "7"]
[White "Tania, Sachdev"]
[Black "Nagy, Gabor1"]
[Result "1/2-1/2"]
[WhiteTitle "IM"]
[BlackTitle "IM"]
[WhiteElo "2429"]
[BlackElo "2433"]
[WhiteTeam "Delhi Dynamite"]
[BlackTeam "Budapest Gambit"]
[WhiteFideId "5007844"]
[BlackFideId "737119"]
[EventDate "2017.01.11"]

1. d4 Nf6 2. c4 e6 3. Nf3 b6 4. g3 Bb7 5. Bg2 c5 6. O-O cxd4 7. Nxd4 Bxg2 8.
Kxg2 Qc8 9. b3 Qb7+ 10. f3 Nc6 11. Nc3 Bc5 12. Ndb5 O-O 13. Bb2 Rad8 14. Nd6 Qb8
15. Nde4 Bd4 16. Nxf6+ Bxf6 17. Rc1 Ne7 18. Ba3 Nf5 19. Qd3 Bg5 20. f4 Be7 21.
Bxe7 Nxe7 22. e4 d6 23. Rcd1 Rd7 24. Qf3 Rfd8 25. f5 Nc6 26. f6 Ne5 27. Qf4 Ng6
28. Qf3 Re8 29. h4 Qd8 30. fxg7 Ne5 31. Qh5 Kxg7 32. Nb5 Ng6 33. Qg4 Kh8 34. Qf3
a6 35. Nxd6 Rxd6 36. Rxd6 Nxh4+ 37. gxh4 Rg8+ 38. Kh3 Qxd6 39. Qc3+ e5 40. Rxf7
h6 41. Qf3 b5 42. Qf6+ Qxf6 43. Rxf6 bxc4 44. bxc4 Rc8 45. Rxh6+ Kg7 46. Rxa6
Rxc4 47. Kg4 Rxe4+ 48. Kf5 Rxh4 49. Kxe5 Kf7 50. Rd6 Ra4 51. Rd2 Ke7 52. Kf5 Rb4
53. Ke5 Ra4 54. Kf5 Rb4 55. Ke5 Ra4 56. Kf5 Rb4 1/2-1/2

[Event "PRO League Group Stage"]
[Site "chess.com INT"]
[Date "2017.02.22"]
[Round "7"]
[White "Balabaev, Timur"]
[Black "Pon, Matt"]
[Result "1-0"]
[WhiteTitle "IM"]
[BlackTitle "FM"]
[WhiteElo "2393"]
[BlackElo "2165"]
[WhiteTeam "Shymkent Nomads"]
[BlackTeam "Johannesburg Koeksisters"]
[WhiteFideId "13700847"]
[BlackFideId "14301644"]
[EventDate "2017.01.11"]

1. e4 e6 2. d4 d5 3. Nc3 Bb4 4. e5 c5 5. a3 Bxc3+ 6. bxc3 Qc7 7. Nf3 b6 8. Bb5+
Bd7 9. Bd3 c4 10. Be2 Ba4 11. h4 h6 12. h5 Ne7 13. Nh4 Nbc6 14. f4 Kd7 15. O-O
g6 16. Be3 Rag8 17. Qd2 Nf5 18. Nxf5 gxf5 19. Bf2 Qd8 20. Bd1 Rh7 21. Kh2 Rhg7
22. Bf3 Rg4 23. Bxg4 Rxg4 24. Rfb1 Qg8 25. g3 Qg7 26. Ra2 f6 27. Kg2 Kc7 28. Kf3
Na5 29. Re1 Be8 30. Rh1 Bc6 31. Raa1 fxe5 32. fxe5 Nb7 33. Rag1 Nd8 34. Be3 Nf7
35. Kf2 Be8 36. Rh4 Qh7 37. Rxg4 fxg4 38. Ke1 Qe4 39. Kd1 Qf5 40. Kc1 Ba4 41.
Rg2 Qxh5 42. Rh2 Qg6 43. Bxh6 Kb7 44. Bf4 Ka6 45. Qe2 Qg8 46. Kd1 Qf8 47. Bc1
Nd8 48. Rf2 Qg7 49. Rf4 Qh7 50. Be3 Qh1+ 51. Rf1 Qe4 52. Bf4 Qf5 53. Kc1 Nc6 54.
Be3 Qe4 55. Rf4 Qh1+ 56. Kb2 b5 57. Rf6 Nd8 58. Rf8 Nb7 59. Re8 b4 60. Rxe6+ Kb5
61. axb4 Qe4 62. Re7 Nd8 63. Re8 Nc6 64. Rf8 a5 65. bxa5 Kxa5 66. Rf6 Kb5 67. e6
Qh7 68. Rf2 Ka5 69. Bc1 Qb7+ 70. Ka1 Qe7 71. Rf7 Qd6 72. e7 Qxg3 73. e8=Q Qxc3+
74. Bb2 Qg3 75. Qa8+ Kb4 76. Rb7+ 1-0

[Event "PRO League Group Stage"]
[Site "chess.com INT"]
[Date "2017.02.22"]
[Round "7"]
[White "O'Cinneide, Mel"]
[Black "Akinseye, Abiola"]
[Result "1-0"]
[BlackTitle "CM"]
[WhiteElo "2227"]
[BlackElo "2200"]
[WhiteTeam "Dublin Desperados"]
[BlackTeam "Abuja Rockstars"]
[WhiteFideId "2500620"]
[BlackFideId "8503010"]
[EventDate "2017.01.11"]

1. Nf3 Nf6 2. c4 g6 3. Nc3 Bg7 4. e4 d6 5. d4 O-O 6. Be2 e5 7. O-O Nc6 8. d5 Ne7
9. b4 h6 10. c5 g5 11. a4 Ng6 12. Re1 g4 13. Nd2 Nf4 14. Bf1 Ne8 15. Nc4 f5 16.
Bxf4 exf4 17. e5 dxe5 18. Nxe5 Bxe5 19. Rxe5 Qf6 20. Qd4 Bd7 21. Rae1 Ng7 22.
Qxf4 Nh5 23. Qc4 Kh8 24. a5 Rae8 25. Rxe8 Rxe8 26. Rxe8+ Bxe8 27. Ne2 Bf7 28.
Nf4 Nxf4 29. Qxf4 Bxd5 30. Qxc7 a6 31. Qd6 Qf7 32. Qxh6+ Kg8 33. Qg5+ Kf8 34.
Bd3 Be6 35. Qd8+ Kg7 36. Qd6 Qf6 37. g3 Qf7 38. Qb6 Bd5 39. Qd8 Qe6 40. Qc7+ Kg8
41. Qf4 Qe1+ 42. Bf1 Qe6 43. h4 gxh3 44. Kh2 Kf7 45. Qg5 Ke8 46. Qh5+ Kd7 47.
Qh7+ Kd8 48. Qh8+ Ke7 49. Qg7+ Ke8 50. Qh8+ Ke7 51. Qxh3 Qe4 52. Qg2 Qe6 53. f3
Qh6+ 54. Kg1 Qe3+ 55. Qf2 Qe6 56. Qe2 Kf6 57. Qxe6+ Kxe6 58. Kf2 Bc6 59. Ke3 Ke5
60. f4+ Kf6 61. Bc4 Kg6 62. Kd4 Kf6 63. Bd5 Kg6 64. Bxc6 bxc6 65. Ke5 1-0

[Event "PRO League Group Stage"]
[Site "chess.com INT"]
[Date "2017.02.22"]
[Round "7"]
[White "Hilby, Craig"]
[Black "Harmon-Vellotti, Luke"]
[Result "0-1"]
[WhiteTitle "FM"]
[BlackTitle "IM"]
[WhiteElo "2334"]
[BlackElo "2454"]
[WhiteTeam "San Diego Surfers"]
[BlackTeam "Dallas Destiny"]
[WhiteFideId "2062674"]
[BlackFideId "2030012"]
[EventDate "2017.01.11"]

1. d4 Nf6 2. Bg5 Ne4 3. Bf4 c5 4. f3 Qa5+ 5. c3 Nf6 6. d5 e6 7. e4 d6 8. Na3
exd5 9. exd5 Be7 10. Nc4 Qc7 11. a4 O-O 12. Bd3 b6 13. Ne2 Bb7 14. Ne3 Re8 15.
O-O Bf8 16. Ng3 Nbd7 17. Bc2 g6 18. a5 bxa5 19. Ne4 Nxe4 20. fxe4 c4 21. Ng4 f6
22. Ba4 Bg7 23. Bh6 Rf8 24. Bxg7 Kxg7 25. Qd2 Nc5 26. Qh6+ Kh8 27. Nxf6 Qg7 28.
Qg5 Nd3 29. Nd7 Rfd8 30. Qg4 Bc8 31. Qe6 Bxd7 32. Bxd7 Rxd7 33. Rxa5 Nc5 34. Qg4
Re7 35. e5 Rxe5 36. Qxc4 Rae8 37. h3 h5 38. Qf4 Ne4 39. Qf7 R5e7 40. Qxg7+ Kxg7
41. Rfa1 Ra8 42. c4 Rb7 43. b4 Rxb4 44. Rxa7+ Rxa7 45. Rxa7+ Kf6 46. Rc7 Rb1+
47. Kh2 h4 48. Rh7 g5 49. g4 hxg3+ 50. Kg2 Rb2+ 51. Kg1 g4 52. hxg4 Ng5 53. Rh6+
Kg7 0-1

[Event "PRO League Group Stage"]
[Site "chess.com INT"]
[Date "2017.02.22"]
[Round "7"]
[White "Pacheco, Daniel"]
[Black "Lenderman, Aleksandr"]
[Result "0-1"]
[WhiteTitle "FM"]
[BlackTitle "GM"]
[WhiteElo "2279"]
[BlackElo "2573"]
[WhiteTeam "Patagonia Penguins"]
[BlackTeam "Montclair Sopranos"]
[WhiteFideId "101680"]
[BlackFideId "2021285"]
[EventDate "2017.01.11"]

1. d4 Nf6 2. Nf3 d5 3. Bf4 c5 4. e3 Nc6 5. c3 Qb6 6. Na3 a6 7. Qb3 Qd8 8. dxc5
e6 9. Be2 Bxc5 10. O-O Qe7 11. Nc2 Na5 12. Qa4+ Bd7 13. Qxa5 b6 14. Qxa6 Rxa6
15. Bxa6 Ne4 16. Bd3 f6 17. b4 Bd6 18. Bxe4 dxe4 19. Bxd6 Qxd6 20. Nfd4 e5 21.
Ne2 Qd3 22. Ncd4 exd4 23. Nf4 Qb5 24. a4 Qf5 25. cxd4 Ke7 26. Rfc1 g5 27. Ne2
Ra8 28. b5 Qe6 29. h3 h5 30. Rc7 Kd8 31. Rcc1 h4 32. d5 Qxd5 33. Nd4 Rc8 34. Rd1
Qc4 35. a5 bxa5 36. Rxa5 Ke8 37. Ra6 Kf7 38. Ra7 Rc7 39. Ra8 Rb7 40. Rh8 Kg6 41.
Rd8 Bxb5 42. Nxb5 Rxb5 43. R8d4 Qe6 44. Rd6 Qf5 45. Rd8 Rb2 46. Rf1 Qb5 47. Rdd1
Kh5 48. Rc1 Qd7 49. Rfd1 Rd2 50. Rf1 f5 51. Ra1 Qd5 52. Rfc1 g4 53. hxg4+ fxg4
54. Rf1 h3 55. Ra7 Rd1 56. gxh3 Rxf1+ 57. Kxf1 Qd1+ 58. Kg2 Qf3+ 59. Kg1 gxh3
60. Rg7 h2+ 61. Kxh2 Qxf2+ 62. Kh1 Qxe3 63. Rg2 Qe1+ 64. Kh2 e3 65. Rg3 e2 0-1

[Event "PRO League Group Stage"]
[Site "chess.com INT"]
[Date "2017.02.22"]
[Round "7"]
[White "Pacheco, Daniel"]
[Black "Checa, Nicolas D"]
[Result "0-1"]
[WhiteTitle "FM"]
[BlackTitle "IM"]
[WhiteElo "2279"]
[BlackElo "2400"]
[WhiteTeam "Patagonia Penguins"]
[BlackTeam "Montclair Sopranos"]
[WhiteFideId "101680"]
[BlackFideId "2069342"]
[EventDate "2017.01.11"]

1. d4 d5 2. Nf3 Nf6 3. Bf4 c5 4. e3 Nc6 5. c3 Qb6 6. Na3 a6 7. Qb3 Qa5 8. Ne5 e6
9. Nxc6 bxc6 10. dxc5 Bxc5 11. Nc2 O-O 12. Be2 Be7 13. a4 c5 14. O-O Ne4 15.
Rfd1 Bd6 16. Bxd6 Nxd6 17. Qa3 Qc7 18. b3 a5 19. Bb5 Ba6 20. Bxa6 Rxa6 21. Rac1
Rb8 22. b4 Nc4 23. Qb3 axb4 24. cxb4 cxb4 25. e4 Na5 26. Qd3 Rc6 27. exd5 exd5
28. Qe3 Rc8 29. Rxd5 b3 30. Re1 Re6 31. Qg3 Qxg3 32. hxg3 bxc2 33. Rc1 Ree8 34.
Rxa5 Red8 35. Kh2 h6 36. g4 Rd1 37. Ra8 Rxa8 38. Rxc2 Rxa4 39. f3 Kh7 40. Rb2
Kg6 41. Rc2 Rda1 42. Rc6+ f6 43. Kg3 R1a2 44. Rc1 Rb2 45. Rg1 Raa2 46. Kh3 Kg5
47. Kg3 f5 48. gxf5 Kxf5 49. Kh3 Kf4 50. Kh2 g5 51. Kh3 h5 52. Kh2 g4 53. fxg4
Kxg4 54. Kh1 Kg3 55. Rf1 Ra3 56. Rc1 Rba2 0-1

[Event "PRO League Group Stage"]
[Site "chess.com INT"]
[Date "2017.02.22"]
[Round "7"]
[White "Heimann, Alexander C"]
[Black "Titus, Andrew L"]
[Result "1-0"]
[WhiteElo "2271"]
[BlackElo "2161"]
[WhiteTeam "Pittsburgh Pawngrabbers"]
[BlackTeam "Minnesota Blizzard"]
[WhiteFideId "2006073"]
[BlackFideId "2059770"]
[EventDate "2017.01.11"]

1. Nf3 Nf6 2. c4 e6 3. g3 d5 4. Bg2 Be7 5. O-O O-O 6. b3 b6 7. Bb2 Bb7 8. e3 c5
9. Qe2 Nc6 10. d3 Qc7 11. Nc3 a6 12. Rac1 Rfd8 13. cxd5 exd5 14. d4 cxd4 15.
Nxd4 Nxd4 16. exd4 Qd7 17. Rfe1 Bd6 18. Na4 Bc7 19. Qe7 Bd6 20. Qxd7 Nxd7 21.
Bh3 Rab8 22. Bxd7 Rxd7 23. Nxb6 Rdd8 24. Bc3 Ba3 25. Rc2 Bc6 26. Ba5 Bb5 27. Re5
Bd3 28. Rc3 Be4 29. Nc4 Bb4 30. Bxd8 f6 31. Rxe4 Bxc3 32. Re8+ Kf7 33. Nd6+ Kg6
34. Bc7 Rxe8 35. Nxe8 Kf7 36. Nd6+ Ke6 37. Nb7 Kd7 38. Bf4 Bxd4 39. Be3 Bxe3 40.
fxe3 Kc6 41. Nd8+ Kd7 42. Nb7 Kc6 43. Na5+ Kb5 44. b4 d4 45. exd4 Kxb4 46. Nc6+
Kb5 47. Ne7 Kc4 48. d5 Kc5 49. Kf2 g6 50. Ng8 f5 51. Nf6 h6 52. Ke3 a5 53. a4 g5
54. h3 Kd6 55. Kd4 f4 56. Ne4+ 1-0

[Event "PRO League Group Stage"]
[Site "chess.com INT"]
[Date "2017.02.22"]
[Round "7"]
[White "Taghizadeh, Rayan"]
[Black "Breckenridge, Steven James"]
[Result "0-1"]
[WhiteTitle "FM"]
[BlackTitle "FM"]
[WhiteElo "2317"]
[BlackElo "2239"]
[WhiteTeam "San Francisco Mechanics"]
[BlackTeam "Portland Rain"]
[WhiteFideId "2054019"]
[BlackFideId "2043700"]
[EventDate "2017.01.11"]

1. e4 e5 2. Nf3 Nc6 3. Nc3 Nf6 4. Bb5 Bb4 5. O-O O-O 6. Bxc6 bxc6 7. Nxe5 Bxc3
8. dxc3 Nxe4 9. Qf3 f5 10. Rd1 Qe7 11. Nd3 c5 12. Qe3 c4 13. Nf4 Qf7 14. Nd5 d6
15. f3 Nc5 16. Qd4 Be6 17. Nf4 Rae8 18. Be3 Bd7 19. Bf2 g5 20. Nd5 Be6 21. Qd2
Bxd5 22. Qxd5 Re5 23. Qxf7+ Kxf7 24. Rd4 Rb8 25. b3 cxb3 26. axb3 Re2 27. Rxa7
Rb7 28. Rxb7 Nxb7 29. h4 Rxc2 30. Rc4 c5 31. hxg5 d5 32. Rh4 Kg6 33. Rh6+ Kxg5
34. Rxh7 Na5 35. b4 cxb4 36. cxb4 Nc4 37. Rd7 Rc1+ 38. Kh2 Rc2 39. Bc5 Ne5 40.
Rxd5 Nxf3+ 41. Kg3 Ne1 42. Bf2 Rc3+ 43. Kh2 Nd3 44. Be3+ Kg6 45. b5 Rb3 46. Rd6+
Kf7 47. b6 Ne5 48. Bg1 Ke7 49. Rd1 Ng4+ 50. Kh1 Kf6 51. Rd6+ Kg5 52. Rd8 Rb1 53.
g3 Kf6 54. Rf8+ Ke6 55. Re8+ Kf7 56. Re2 Nf6 57. Kg2 Ne4 58. Rc2 Rb3 59. Rc7+
Ke6 60. Bh2 Rb2+ 61. Kg1 Rxb6 62. Rc1 Rb2 63. Re1 Kf6 64. Rf1 Kg5 65. Rf3 Nd2
66. Rf2 Rb1+ 67. Kg2 Ne4 68. Re2 Kg4 69. Rc2 Rb3 70. Ra2 Nxg3 71. Bxg3 Rxg3+ 72.
Kh2 f4 73. Rb2 Rh3+ 74. Kg2 f3+ 75. Kg1 Kg3 76. Ra2 Rh7 77. Ra3 Rc7 78. Ra1 Rc2
79. Rb1 Rg2+ 80. Kh1 Rh2+ 81. Kg1 f2+ 0-1

[Event "PRO League Group Stage"]
[Site "chess.com INT"]
[Date "2017.02.22"]
[Round "7"]
[White "Tarjan, James E"]
[Black "Stearman, Josiah P"]
[Result "1/2-1/2"]
[WhiteTitle "GM"]
[BlackTitle "FM"]
[WhiteElo "2406"]
[BlackElo "2150"]
[WhiteTeam "Portland Rain"]
[BlackTeam "San Francisco Mechanics"]
[WhiteFideId "2000180"]
[BlackFideId "2062496"]
[EventDate "2017.01.11"]

1. c4 e5 2. g3 Nc6 3. Bg2 g6 4. Nc3 Bg7 5. e4 Nge7 6. Nge2 d6 7. d3 O-O 8. O-O
f5 9. Rb1 Be6 10. Nd5 h6 11. b4 g5 12. b5 Bxd5 13. cxd5 Nb8 14. exf5 Nxf5 15.
Bb2 Nd7 16. d4 Qe8 17. dxe5 Nxe5 18. Nd4 Nxd4 19. Bxd4 Qg6 20. Rc1 Rf7 21. Bxe5
Bxe5 22. Bh3 Kg7 23. Be6 Re7 24. Rc4 Kh8 25. Qc1 Qg7 26. Qc2 Rf8 27. Kg2 Bd4 28.
Qe4 Bc5 29. h4 c6 30. bxc6 bxc6 31. Rxc5 dxc5 32. d6 Ree8 33. hxg5 Qxg5 34. f4
Qf6 35. f5 Rb8 36. Kh3 Rb4 37. Qe3 Rd4 38. d7 Kg7 39. Rc1 Rb8 40. Rxc5 Rb1 41.
Rxc6 Rdd1 42. Rc2 Rh1+ 43. Kg2 Rbe1 44. Qc3 Rhg1+ 45. Kf2 Rgf1+ 46. Kg2 Rg1+ 47.
Kh3 Rh1+ 48. Kg4 h5+ 49. Kf3 Rhf1+ 50. Kg2 Rg1+ 51. Kh2 Rh1+ 52. Kg2 Rhg1+ 53.
Kh2 1/2-1/2

[Event "PRO League Group Stage"]
[Site "chess.com INT"]
[Date "2017.02.22"]
[Round "7"]
[White "Titus, Andrew L"]
[Black "Li, Beilin"]
[Result "1-0"]
[WhiteElo "2161"]
[BlackElo "1780"]
[WhiteTeam "Minnesota Blizzard"]
[BlackTeam "Pittsburgh Pawngrabbers"]
[WhiteFideId "2059770"]
[BlackFideId "30930952"]
[EventDate "2017.01.11"]

1. e4 c6 2. d4 d5 3. Nc3 dxe4 4. Nxe4 Bf5 5. Ng3 Bg6 6. Nh3 e6 7. Nf4 Bd6 8. h4
Qc7 9. Qf3 Nf6 10. c3 Nbd7 11. Bc4 O-O-O 12. Bb3 e5 13. Nxg6 fxg6 14. O-O Rhf8
15. Ne4 Nxe4 16. Qxe4 Nf6 17. Qe2 exd4 18. cxd4 Bh2+ 19. Kh1 Rxd4 20. Be6+ Kb8
21. g3 Bxg3 22. fxg3 Qxg3 23. Bf4+ Rxf4 24. Qe5+ Ka8 25. Qxf4 Qd3 26. Rad1 Qe2
27. Bh3 Rb8 28. Rd2 Qb5 29. Rfd1 Nh5 30. Qf2 Qe5 31. Rd8 Nf4 32. Rxb8+ Kxb8 33.
Qd4 Qxd4 34. Rxd4 Nxh3 35. Kg2 1-0

[Event "PRO League Group Stage"]
[Site "chess.com INT"]
[Date "2017.02.22"]
[Round "7"]
[White "Burg, Twan"]
[Black "Edouard, Romain"]
[Result "0-1"]
[WhiteTitle "GM"]
[BlackTitle "GM"]
[WhiteElo "2508"]
[BlackElo "2616"]
[WhiteTeam "Hamburg Swashbucklers"]
[BlackTeam "London Lions"]
[WhiteFideId "1010697"]
[BlackFideId "633429"]
[EventDate "2017.01.11"]

1. c4 e5 2. Nc3 Nf6 3. Nf3 Nc6 4. e4 d6 5. d4 Bg4 6. d5 Nd4 7. Be2 Nxe2 8. Qxe2
g6 9. h3 Bd7 10. O-O Bg7 11. Ne1 O-O 12. Nd3 Nh5 13. g4 Nf4 14. Nxf4 exf4 15.
Bxf4 f5 16. exf5 Qh4 17. Qe3 Rae8 18. Ne4 Qe7 19. Ng3 Qh4 20. Ne4 Qe7 21. Nc3
Qh4 22. Qg3 Qxg3+ 23. fxg3 gxf5 24. g5 Bxc3 25. bxc3 b6 26. Rae1 Bc8 27. g6 hxg6
28. Bh6 Rxe1 29. Rxe1 Rd8 30. Bg5 Rf8 31. Bh6 Rd8 32. Re7 Rd7 33. Re8+ Kh7 34.
Bg5 Ba6 35. h4 Kg7 36. Be3 Bxc4 37. Bd4+ Kf7 38. Re6 Bxd5 39. Rf6+ Ke8 40. Rxg6
Bxa2 41. h5 Rh7 42. h6 Bf7 43. Rf6 Ke7 44. c4 Bxc4 45. Rxf5 Rxh6 46. Be3 Rg6 47.
Kf2 a5 48. Kf3 Be6 49. Rb5 Bd7 50. Rb2 b5 51. Bd2 a4 52. Ba5 c5 53. Re2+ Be6 54.
Rh2 b4 55. Rh7+ Bf7 56. g4 a3 57. g5 Rxg5 58. Rh8 a2 59. Bd8+ Kd7 60. Bxg5 a1=Q
61. Rh7 Qa2 62. Kg4 Qe6+ 63. Kh4 Qe4+ 64. Bf4 Qxh7+ 65. Kg5 Qh5+ 66. Kf6 Qg6# 0-1

[Event "PRO League Group Stage"]
[Site "chess.com INT"]
[Date "2017.02.22"]
[Round "7"]
[White "Wang, Tianqi"]
[Black "Paragua, Mark"]
[Result "1/2-1/2"]
[BlackTitle "GM"]
[WhiteElo "2199"]
[BlackElo "2492"]
[WhiteTeam "Carolina Cobras"]
[BlackTeam "New York Knights"]
[WhiteFideId "2063824"]
[BlackFideId "5201241"]
[EventDate "2017.01.11"]

1. Nf3 Nf6 2. c4 g6 3. b3 Bg7 4. Bb2 O-O 5. e3 d6 6. d4 c5 7. Nbd2 cxd4 8. Bxd4
Nc6 9. Bb2 e5 10. Be2 e4 11. Nd4 Ne5 12. h3 h5 13. Qc2 Re8 14. O-O g5 15. f4
exf3 16. N2xf3 Nxf3+ 17. Nxf3 Qe7 18. Bd4 Ne4 19. Bd3 Ng3 20. Rf2 g4 21. hxg4
hxg4 22. Nh2 Bxd4 23. exd4 Qe3 24. Rd1 Ne4 25. Bxe4 g3 26. Bd5 Qxf2+ 27. Qxf2
gxf2+ 28. Kxf2 Rb8 29. Nf1 Kg7 30. Rd3 Be6 31. Bf3 d5 32. Ne3 dxc4 33. bxc4 b6
34. d5 Bd7 35. Ra3 a5 36. Rc3 Kf6 37. Nc2 Ke5 38. Ke3 Rbc8 39. Nd4 Kd6+ 40. Kd3
a4 41. Rc1 Re5 42. Ne2 Kc5 43. Nc3 Bf5+ 44. Kd2 Bd7 45. Ne4+ Kd4 46. Nd6 Rf8 47.
Rb1 Kc5 48. Nb7+ Kxc4 49. Rxb6 a3 50. Rb3 Rxd5+ 51. Bxd5+ Kxd5 52. Rxa3 Rb8 53.
Rd3+ Kc6 54. Na5+ Kc7 55. Nb3 Ra8 56. Nc1 Bc6 57. g3 f5 58. a3 Be4 59. Rc3+ Kd6
60. Ke3 Rg8 61. Ne2 Rb8 62. Nf4 Rb1 63. g4 Rg1 64. gxf5 Rg3+ 65. Kd4 Rxc3 66.
Kxc3 Bxf5 1/2-1/2

[Event "PRO League Group Stage"]
[Site "chess.com INT"]
[Date "2017.02.22"]
[Round "7"]
[White "Vertetics, Attila"]
[Black "Aradhya, Garg"]
[Result "1-0"]
[WhiteTitle "IM"]
[WhiteElo "2416"]
[BlackElo "2230"]
[WhiteTeam "Budapest Gambit"]
[BlackTeam "Delhi Dynamite"]
[WhiteFideId "723720"]
[BlackFideId "25006746"]
[EventDate "2017.01.11"]

1. d4 d5 2. Nf3 Nf6 3. c4 c6 4. Nbd2 Bf5 5. Nh4 Be6 6. e3 c5 7. dxc5 Nc6 8. a3
Qa5 9. Qc2 O-O-O 10. Nf3 Ne4 11. Nd4 Nxc5 12. Nxc6 bxc6 13. b4 Qa4 14. Qc3 Ne4
15. Nxe4 dxe4 16. Be2 Rg8 17. O-O g6 18. Bb2 Bg7 19. Qc1 Bxb2 20. Qxb2 Rd7 21.
Rfd1 Rgd8 22. Rxd7 Rxd7 23. Qc3 f6 24. h4 Bf7 25. Kf1 Be6 26. Ke1 Kd8 27. Rd1
Rxd1+ 28. Bxd1 Qa6 29. Be2 Ke8 30. Kd2 Bf7 31. c5 Qb7 32. Qd4 Qd7 33. Qxd7+ Kxd7
34. Kc3 e5 35. Bc4 Be8 36. a4 Kc7 37. Be6 h6 38. Kc4 g5 39. hxg5 fxg5 40. g4 h5
41. gxh5 Bxh5 42. b5 Be2+ 43. Kb4 a6 44. b6+ Kb7 45. a5 Bf3 46. Kc3 Be2 47. Kd2
Bf3 48. Bc4 Bg2 49. Ke2 g4 50. Ke1 Bh3 51. Be2 Kb8 52. Bxa6 Bg2 53. Be2 Bf3 54.
a6 Ka8 55. Bxf3 exf3 56. e4 Kb8 57. Kf1 Ka8 58. Kg1 Kb8 59. Kh2 Ka8 60. Kg3 1-0

[Event "PRO League Group Stage"]
[Site "chess.com INT"]
[Date "2017.02.22"]
[Round "7"]
[White "Baker, Vincent J"]
[Black "Gulamali, Kazim"]
[Result "0-1"]
[BlackTitle "FM"]
[WhiteElo "1960"]
[BlackElo "2341"]
[WhiteTeam "Columbus Cardinals"]
[BlackTeam "Atlanta Kings"]
[WhiteFideId "30911974"]
[BlackFideId "2024764"]
[EventDate "2017.01.11"]

1. e4 e5 2. Nf3 Nc6 3. Bb5 a6 4. Ba4 Nf6 5. O-O Be7 6. Nc3 b5 7. Bb3 d6 8. Re1
Na5 9. d3 c6 10. Bd2 O-O 11. Ne2 Nxb3 12. axb3 c5 13. Ng3 h6 14. c3 Re8 15. Qc2
Bf8 16. Nh4 Nxe4 17. Rxe4 d5 18. Re2 Qxh4 19. c4 bxc4 20. bxc4 d4 21. Re4 Qd8
22. Rae1 Bd6 23. f4 f5 24. R4e2 Qc7 25. Qc1 Bd7 26. fxe5 Rxe5 27. Rxe5 Bxe5 28.
b4 cxb4 29. Bxb4 Bxg3 30. hxg3 Qxg3 31. Re7 Bc6 32. Qd2 Rb8 33. Re2 a5 34. Bxa5
Rb1+ 35. Re1 Rxe1+ 36. Qxe1 Qxg2# 0-1

[Event "PRO League Group Stage"]
[Site "chess.com INT"]
[Date "2017.02.22"]
[Round "7"]
[White "Baker, Vincent J"]
[Black "Studen, Damir"]
[Result "0-1"]
[WhiteElo "1960"]
[BlackElo "2223"]
[WhiteTeam "Columbus Cardinals"]
[BlackTeam "Atlanta Kings"]
[WhiteFideId "30911974"]
[BlackFideId "2009129"]
[EventDate "2017.01.11"]

1. e4 d5 2. exd5 Qxd5 3. Nc3 Qd6 4. d4 Nf6 5. Bc4 c6 6. Nge2 Bg4 7. f3 Bh5 8.
Bf4 Qb4 9. Bb3 e6 10. Qd2 Nd5 11. Bg3 Nxc3 12. Nxc3 Nd7 13. O-O Be7 14. a3 Qb6
15. Ne4 O-O 16. Kh1 Nf6 17. Rae1 Rfd8 18. Be5 Nd7 19. Bg3 Nf8 20. Bf2 Qc7 21. c3
c5 22. Rc1 c4 23. Bc2 Bg6 24. Bg3 Qa5 25. f4 b5 26. Rce1 Qb6 27. Qc1 a5 28. Nf2
b4 29. Bxg6 hxg6 30. Qc2 bxa3 31. bxa3 Bxa3 32. Rb1 Qc6 33. Ra1 Be7 34. Rfb1 Nd7
35. Ng4 Bd6 36. Ne5 Bxe5 37. fxe5 Rdb8 38. Rf1 Nf8 39. Rf2 a4 40. Raf1 Ra7 41.
Bh4 a3 42. Qa2 Rb3 43. Rc1 Qb6 44. Rfc2 Rb2 45. Rxb2 axb2 0-1